| 000 | 00893nam a22001815i 4500 | ||
|---|---|---|---|
| 001 | 166945 | ||
| 003 | ES-MaACL | ||
| 005 | 20230906213430.0 | ||
| 008 | 000405s1869 sp |||| | spa d | ||
| 040 |
_aCAM _bspa _cCAM |
||
| 100 | 1 |
_aVallejo, Mariano, _dm. 1911 _9139767 |
|
| 245 | 1 | 3 |
_aEl artículo treinta y tres _b: discusión bufo-político-monárquico-bailable y hasta si se quiere profética / _coriginal de José Mariano Vallejo y Compañía con música de sun señor muy conocido por su nombre y apellido. |
| 260 |
_aMadrid : _b[s.n.], _c1869. |
||
| 300 |
_a23 p. ; _c21 cm. |
||
| 500 | 1 | _aEn port.: Representada en el Teatro de Verano (Circo de Paul) en la noche del 5 de junio de 1869. | |
| 852 |
_aES-MaACL _jF-8561(2) _z-- Enc. pasta española _z-- Enc. en un vol. facticio formando parte de la col. facticia "Teatro español moderno", vol. 12 |
||
| 999 |
_c166945 _d166945 |
||